TV Show Pictograms Quiz Stats

 Plays Quiz Updated Dec 22, 2014

Challenge
Share
Tweet
Score 0/24 Timer 06:00
0 Plays Today
% Correct
Two and a Half Men
99.3%
Batman
97.2%
House of Cards
94.5%
Family Ties
94.4%
Hell's Kitchen
92.7%
Charlie's Angels
90.2%
Gunsmoke
89.1%
3rd Rock from the Sun
87.6%
The Love Boat
87.5%
Miami Vice
84.4%
General Hospital
84.3%
Little House on the Prairie
83.7%
% Correct
Flamingo Road
81.5%
Reading Rainbow
79.5%
One Tree Hill
79.4%
Cash Cab
78.7%
Hart to Hart
76%
I Dream of Jeannie
75.7%
Cougar Town
74.9%
Chicago Fire
71%
Jersey Shore
67.1%
Knots Landing
51.1%
Falcon Crest
47%
Dance Moms
37%

You're not logged in!

Compare scores with friends on all Sporcle quizzes.
OR
Log In

You Might Also Like...

Show Comments

Extras

Top Quizzes Today


Score Distribution

Your Account Isn't Verified!

In order to create a playlist on Sporcle, you need to verify the email address you used during registration. Go to your Sporcle Settings to finish the process.

Report this User

Report this user for behavior that violates our Community Guidelines.

Details: